| 000 | 00401nam a2200157Ia 4500 | ||
|---|---|---|---|
| 008 | 160316s1968 xxu||||| |||| 00| 0 eng d | ||
| 082 |
_a345.050000 _bMLJ |
||
| 100 | _a | ||
| 245 | _aThe code of criminal procedure (5 of 1898) | ||
| 250 | _a | ||
| 260 |
_aBangalore _bMysore Law Journal _c1968 |
||
| 300 |
_a83p. _b20 cm _cxxviii |
||
| 365 | _b | ||
| 650 | _a1. Criminal Procedure Code | ||
| 700 |
_a _a |
||
| 999 |
_c3421 _d3421 |
||